Quality of Indian wheats / (Record no. 89145)
[ view plain ]
| 000 -LEADER | |
|---|---|
| fixed length control field | 00768cam1a220021700 4500 |
| 001 - CONTROL NUMBER | |
| control field | tmp15915496 |
| 003 - CONTROL NUMBER IDENTIFIER | |
| control field | UPRA |
| 005 - DATE AND TIME OF LATEST TRANSACTION | |
| control field | 20190816105011.0 |
| 008 - FIXED-LENGTH DATA ELEMENTS--GENERAL INFORMATION | |
| fixed length control field | 951110s1973 ksu eng u |
| 035 ## - SYSTEM CONTROL NUMBER | |
| System control number | (Sirsi) r40986 |
| 035 ## - SYSTEM CONTROL NUMBER | |
| System control number | (UPRA)tmp15915496 |
| 040 ## - CATALOGING SOURCE | |
| Transcribing agency | UPRA |
| 100 1# - MAIN ENTRY--PERSONAL NAME | |
| Personal name | Finney, P. L. |
| Linkage | A101638.1 |
| 245 10 - TITLE STATEMENT | |
| Title | Quality of Indian wheats / |
| Statement of responsibility, etc. | by P.L. Finney [and others]. |
| 260 ## - PUBLICATION, DISTRIBUTION, ETC. | |
| Place of publication, distribution, etc. | Manhattan, KS : |
| Name of publisher, distributor, etc. | Kansas State University, Dept. of Grain Science and Industry, |
| Date of publication, distribution, etc. | 1973. |
| 504 ## - BIBLIOGRAPHY, ETC. NOTE | |
| Bibliography, etc. note | Includes bibliographical references. |
| 650 #0 - SUBJECT ADDED ENTRY--TOPICAL TERM | |
| Topical term or geographic name entry element | Wheat -- India. |
| Geographic subdivision | Wheat -- India. |
| Linkage | S73411.1 |
| 650 #0 - SUBJECT ADDED ENTRY--TOPICAL TERM | |
| Topical term or geographic name entry element | Grain -- Grading -- India. |
| General subdivision | Grain -- Grading -- India. |
| Geographic subdivision | Grain -- Grading -- India. |
| Linkage | S73412.1 |
| 949 ## - LOCAL PROCESSING INFORMATION (OCLC) | |
| a | SB191 |
| w | lcc |
| m | MAIN |
| t | BOOK |
| l | ON-SHELF |
No items available.